Boletín portuario. (Registro nro. 16192)
[ vista simple ]
| 000 -CABECERA | |
|---|---|
| campo de control de longitud fija | 00633nas a2200217 a 4500 |
| 001 - NÚMERO DE CONTROL | |
| campo de control | 000016659 |
| 003 - IDENTIFICADOR DEL NÚMERO DE CONTROL | |
| campo de control | DO-SdBNP |
| 005 - FECHA Y HORA DE LA ÚLTIMA TRANSACCIÓN | |
| campo de control | 20240906105355.0 |
| 008 - DATOS DE LONGITUD FIJA--INFORMACIÓN GENERAL | |
| campo de control de longitud fija | 100308c19979999dr br1p 0 0spa d |
| 040 ## - FUENTE DE LA CATALOGACIÓN | |
| Centro catalogador/agencia de origen | DO-SdBNP |
| Lengua de catalogación | SPA |
| Centro/agencia transcriptor | DO-SdBNP |
| Normas de descripción | rda |
| 041 ## - CÓDIGO DE LENGUA | |
| Código de lengua original | spa |
| 043 ## - CÓDIGO DE ÁREA GEOGRÁFICA | |
| Código de área geográfica | nwdr--- |
| 245 00 - MENCIÓN DE TÍTULO | |
| Título | Boletín portuario. |
| 260 ## - PUBLICACIÓN, DISTRIBUCIÓN, ETC. | |
| Lugar de publicación, distribución, etc. | Santo Domingo : |
| Nombre del editor, distribuidor, etc. | Autoridad Portuaria Dominicana, |
| Fecha de publicación, distribución, etc. | 1997-. |
| 300 ## - DESCRIPCIÓN FÍSICA | |
| Extensión | v. : |
| Otras características físicas | il. ; |
| Dimensiones | 28 cm. |
| 310 ## - PERIODICIDAD ACTUAL | |
| Periodicidad actual | Bimensual |
| 362 0# - FECHAS DE PUBLICACIÓN Y/O DESIGNACIÓN SECUENCIAL | |
| Fecha de publicación y/o designación secuencial | Año 1. No. 1 (ene. 1997-) |
| 500 ## - NOTA GENERAL | |
| Nota general | Título tomado de la cubierta |
| 500 ## - NOTA GENERAL | |
| Nota general | Órgano de información de la Autoridad Portuaria Dominicana |
| 942 ## - ELEMENTOS DE PUNTO DE ACCESO ADICIONAL (KOHA) | |
| Fuente del sistema de clasificación o colocación | Dewey Decimal Classification |
| Tipo de ítem Koha | Publicación periódica |
No hay ítems disponibles.
